000 00647nam a2200241Ia 4500
003 OSt
005 20220924122841.0
006 a|||||r|||| 00| 0
007 ta
008 220923b |||||||| |||| 00| 0 urd d
020 _c6.00
024 _a319506
037 _cTextual
040 _aARTS
_cARTS
_burd
041 _2urd
_aurd
082 _aO168,6M70:g, L7
100 _aDasnavi Abdul Qavi Au.
245 0 _aMehdi Hasan Afaqi
260 _aLucknow
_bNaseem book depot India
_c1977
650 _aURDU PROSE
_926866
942 _hO168,6M70:g, L7
_cTEXL
_2CC
999 _c413315
_d413315